[Event "TUR-chT Clubs"]
[Site "Konya"]
[Date "2019.07.18"]
[Round "4.21"]
[White "Bayraktar, Sule"]
[Black "Kaynak, Deniz Can"]
[Result "0-1"]
[WhiteElo "1394"]
[BlackElo "1488"]
[PlyCount "96"]
[EventDate "2019.07.16"]
[EventType "team-swiss"]
[EventRounds "9"]
[EventCountry "TUR"]
[SourceTitle "CBM 191 Extra"]
[Source "ChessBase"]
[SourceDate "2019.09.30"]
[SourceVersion "1"]
[SourceVersionDate "2019.09.30"]
[SourceQuality "1"]
[WhiteTeam "Akcakoca Palamut Bric"]
[BlackTeam "Tusas Dernegi"]
[WhiteTeamCountry "TUR"]
[BlackTeamCountry "TUR"]

1. d4 Nf6 2. c4 c5 3. Nf3 e6 4. Nc3 b6 5. d5 d6 6. e4 e5 7. Be2 Be7 8. 0-0 0-0 9. Ne1 Nbd7 10. Qc2 a6 11. Nd3 Ne8 12. f4 Bf6 13. Bg4 Qe7 14. Qe2 Nc7 15. f5 b5 16. b3 Nb6 17. Nb2 bxc4 18. Nxc4 Nxc4 19. bxc4 Rb8 20. Ba3 a5 21. Rab1 Ba6 22. Nb5 Qd7 23. Nxc7 Qxc7 24. Rb2 Rxb2 25. Qxb2 Rb8 26. Qc2 Qb6 27. Be2 Bg5 28. Bd3 h6 29. Rb1 Qxb1+ 30. Qxb1 Rxb1+ 31. Bxb1 Bxc4 32. Kf2 Kf8 33. Bb2 Bd2 34. h3 Ke7 35. g4 g5 36. fxg6 fxg6 37. a3 g5 38. Bc2 Kd7 39. Bb1 Kc7 40. Bc2 Kb6 41. Bb1 Ba6 42. Bc2 c4 43. Kg3 c3 44. Ba1 Kc5 45. Kf3 Kd4 46. a4 Bd3 47. Bxd3 Kxd3 48. Bxc3 Bxc3 0-1

[Event "TUR-chT2"]
[Site "Konya"]
[Date "2017.07.14"]
[Round "8.11"]
[White "Yuce, Name"]
[Black "Bayraktar, Sule"]
[Result "1-0"]
[WhiteElo "1569"]
[BlackElo "1408"]
[PlyCount "117"]
[EventDate "2017.07.09"]
[EventType "team-swiss"]
[EventRounds "9"]
[EventCountry "TUR"]
[SourceTitle "CBM 179 Extra"]
[Source "ChessBase"]
[SourceDate "2017.08.23"]
[SourceVersion "1"]
[SourceVersionDate "2017.08.23"]
[SourceQuality "1"]
[WhiteTeam "Anadolu Besiktasililar"]
[BlackTeam "Duzcespor"]
[WhiteTeamCountry "TUR"]
[BlackTeamCountry "TUR"]

1. Nf3 Nf6 2. d3 d5 3. c3 c5 4. Nbd2 Nc6 5. e4 e5 6. Qc2 d4 7. Nc4 Bd6 8. Nxd6+ Qxd6 9. h3 0-0 10. a3 a5 11. a4 Rb8 12. Nd2 Be6 13. Nc4 Qc7 14. Bg5 Nd7 15. g4 f6 16. Bh4 g5 17. Bg3 Kf7 18. Na3 Qd8 19. Nb5 Nb6 20. Be2 Nc8 21. Rc1 N6a7 22. Nxa7 Nxa7 23. cxd4 cxd4 24. Qc7+ Qxc7 25. Rxc7+ Kg8 26. h4 gxh4 27. Rxh4 Rf7 28. Rc5 Nc6 29. f4 exf4 30. Bxf4 Ra8 31. g5 fxg5 32. Rxg5+ Rg7 33. Rh6 Rxg5 34. Bxg5 Bb3 35. Bd1 Bxd1 36. Kxd1 Kg7 37. Rd6 Re8 38. Bh6+ Kf7 39. Bd2 Re6 40. Rd5 Re5 41. Rd7+ Re7 42. Rd6 Re6 43. Bf4 Rxd6 44. Bxd6 Ke6 45. Bc7 h5 46. Ke2 h4 47. Bb6 h3 48. Kf3 Nb4 49. Kg3 Nxd3 50. Bxd4 Ne5 51. Kxh3 Nc6 52. Bc3 Kd7 53. Kg4 Ke6 54. Kf4 b6 55. Ke3 Nb8 56. Bd4 Nd7 57. Kd3 Nc5+ 58. Bxc5 bxc5 59. Kc4 1-0